000 01321cab a2200373 4500
001 ABS58404
008 090401t1998 xxu||||| |||| 00| 0 eng d
035 _a(Sirsi) u84916
041 _aeng
100 _aJaunzens, D.
245 _aNew environments for working
260 _c1998
350 _a0
490 _aBuilding Services Journal
_vMarch 1998, 33-39(7)
520 _aA feature looking at the what will happen to offices and their design as information technology results in a greater number of teleworkers and shared workplaces. It is divided into three parts: a BRE/DEGW NEW (New Environments for Working) research project; a look at the new work practices being applied in real life and a report on the future direction of immersive IT.
650 _aBRE
650 _aBT
650 _aBlock management
_96220
650 _aDEGW
650 _aFLEXIBLE WORKING
650 _aFUTURE
650 _aHOT-DESKING
650 _aMANAGEMENT-BUSINESS MANAGEMENT-INFORMATION MANAGEMENT
650 _aNEW ENVIRONMENTS FOR WORKING
650 _aOFFICE BUILDINGS
650 _aOFFICE DESIGN
650 _aRESEARCH PROJECT
650 _aSMART SPACE
650 _aVISION DOME
690 _aBUILT ENVIRONMENT-CONSTRUCTION DESIGN
700 _aWillis, S.
942 _n0
948 _c16/03/1998
999 _c53397
_d53397